| 000 | 00841nam a2200241Ia 4500 | ||
|---|---|---|---|
| 001 | 18433 | ||
| 003 | GE_BSU | ||
| 008 | 181216s||||||||xx |||||||||||||| ||und|| | ||
| 020 | _aISBN 9781886230033 (pbk,alk, paper) | ||
| 040 | _cGE_BSU | ||
| 080 | _a658.3 | ||
| 100 | _aKrumboltz, John D. Al S. Levin. | ||
| 245 | _aLuck is no accident : making the most of happenstance in your life and career | ||
| 250 | _a2nd ed. | ||
| 260 | _aAtascadero, Calif. | ||
| 260 | _bImpact Publishers, | ||
| 260 | _c2010 | ||
| 300 | _avii, 161 p; ill;23 cm. | ||
| 653 | _aLuck is no accident : making the most of happenstance in your life and career | ||
| 653 | _aპროფესიული ხელმძღვანელობა | ||
| 653 | _aწარმოების ორგანიზაციის მართვა | ||
| 942 | _cBK | ||
| 999 |
_c51447 _d51447 |
||